| 000 | 00488cam a22001817i 4500 | ||
|---|---|---|---|
| 005 | 20260504123005.0 | ||
| 020 | _a9780198096184 | ||
| 041 | _aENG | ||
| 082 | 0 | 4 |
_a658.4034 _bYAD |
| 100 | 1 | _aYadav, S. R., | |
| 245 | 1 | 0 |
_aOperations research / _cS.R. Yadav, with A.K. Malik. |
| 260 |
_aNew Delhi : _bOxford University Press , _c2014. |
||
| 300 |
_axvi, 691 pages ; _c24 cm. |
||
| 504 | _aIncludes index. | ||
| 650 | 0 | _aOperations research. | |
| 700 | 1 | _aMalik, A. K., | |
| 942 |
_2ddc _cBK |
||
| 999 |
_c24334 _d24334 |
||